000 02080 a2200217 4500
001 15246
005 20260407155449.0
008 260407a2012 arg spa d
003 AR-UNSa-BCEJYS
040 _aAR-UNSa-BCEJYS
_bspa
_cAR-UNSa-BCEJYS
080 _a330.8
_xHistoria de las teorías, Doctrinas, Dogmas económicos (pensamiento económico)
245 1 0 _aEconomía feminista
_pensayos sobre el papel de la mujer en la economía, la educación y el desarrollo
020 _a978-987-1436-66-8
264 1 _aCórdoba :
_bAsociación Cooperadora de la Facultad de Ciencias Económicas de la Universidad Nacional de Córdoba.
_c2012
300 _a306 p.
_c21 cm.
505 _a1. ¿Qué es la economía feminista? - 2. La economía feminista como una nueva forma de pensamiento - 3. Feminización de la educación superior en las Ciencias Económicas: un estudio de casos - 4. Aspectos institucionales del personal investigador en las Ciencias Económicas y el programa de incentivos docentes - 5. Docentes en Ciencias Económicas en la Universidad Nacional de La Rioja: análisis de algunos aspectos cualitativos - 6. ¿Perspectiva de género para el presupuesto universitario en Argentina? - 7. Feminización de la matrícula y el egreso en la Universidad Nacional de Córdoba - 8. La familia y la mujer rural en el sudeste de la provincia de Córdoba frente a la transformación tecnológica del sector agropecuario - 9. Marketing de género: una perspectiva particular - 10. Mujeres micro-emprendedoras en Córdoba: motivaciones y tipología - 11. Ecofeminismo, activismo y la lucha por la supervivencia de las pequeñas explotaciones familiares en Canadá. El país del norte frente a la agricultura global y una comparación con el caso argentino - 12. ¿Es viable una asociación entre desarrollo y género? Un estudio aplicado a Canadá y Argentina
942 _cBK
590 _aniveau_biblio:m niveau_hierar:0
100 1 _aPerona, B. Eugenia
856 4 1 _uhttps://biblioeco.unsa.edu.ar/pmb/images/libros/Economia Feministra-l119021.jpg
_yImagen de portada
_qimage/jpeg
999 _c640
_d640